[Event "Ceske Budejovice op-B"]
[Site "Ceske Budejovice"]
[Date "2022.07.09"]
[Round "9"]
[White "Durana, Jonas"]
[Black "Pavlicek, Adam"]
[Result "1-0"]
[WhiteElo "1723"]
[BlackElo "1672"]
[PlyCount "176"]
[EventDate "2022.07.01"]
[EventType "swiss"]
[EventRounds "9"]
[EventCountry "CZE"]
[SourceTitle "EXT 2023"]
[Source "ChessBase"]
[SourceDate "2022.10.05"]
[SourceVersion "1"]
[SourceVersionDate "2022.10.05"]
[SourceQuality "1"]

1. e4 e5 2. Nf3 Nc6 3. Bc4 Bc5 4. c3 Nf6 5. d4 exd4 6. e5 d5 7. Bb5 Ne4 8. cxd4 Bb4+ 9. Nbd2 Bd7 10. Bxc6 Bxc6 11. 0-0 Nxd2 12. Bxd2 Be7 13. Rc1 0-0 14. Re1 f6 15. exf6 Bxf6 16. Ne5 Bd7 17. Nxd7 Qxd7 18. Bf4 c6 19. Rc3 Qf7 20. Rf3 Qh5 21. Be5 Qg6 22. Bf4 Rae8 23. Rxe8 Rxe8 24. Be3 Re4 25. Rg3 Qe8 26. Kf1 Qe7 27. a3 Qc7 28. Qd2 Qe7 29. h3 a6 30. b4 a5 31. Kg1 axb4 32. axb4 Qd6 33. Qc3 b6 34. Rf3 b5 35. Qa3 Re8 36. Bf4 Qd7 37. Qc3 Re4 38. Be3 Re8 39. Qc5 Be7 40. Qc3 Ra8 41. Qb2 Qa7 42. Qc2 Qd7 43. Qc3 Ra4 44. Bd2 Bxb4 45. Qe3 Bxd2 46. Qxd2 Qd6 47. g3 Ra8 48. Rb3 Qe6 49. Kh2 Qf6 50. Qe3 h6 51. Rb2 Qf7 52. Qc3 Qd7 53. Qc5 Ra4 54. Re2 Rc4 55. Qb6 b4 56. h4 Kh7 57. Qb8 Qf5 58. Kg2 Rc2 59. Rxc2 Qxc2 60. Qxb4 Qe4+ 61. Kh2 Qf3 62. Qd2 Qf8 63. Kg1 Kh8 64. Qe3 Qa8 65. Kh2 Qc8 66. Kg2 Kg8 67. f3 Qa8 68. h5 Qc8 69. g4 Qa8 70. Qe6+ Kf8 71. Qd6+ Kg8 72. Qd7 Qa2+ 73. Kg3 Qa8 74. Qe6+ Kf8 75. Kf4 Qb7 76. Ke5 Qb5 77. f4 Qe2+ 78. Kd6 Qb5 79. Qc8+ Kf7 80. Qxc6 Qb4+ 81. Qc5 Qd2 82. Qxd5+ Kf8 83. Ke6 Qe2+ 84. Kf5 Qd3+ 85. Qe4 g6+ 86. hxg6 Qb5+ 87. d5 Qd7+ 88. Qe6 Qd8 1-0

[Event "Ceske Budejovice op-B"]
[Site "Ceske Budejovice"]
[Date "2022.07.07"]
[Round "7"]
[White "Pavlicek, Adam"]
[Black "Bittner, Rudolf Jr"]
[Result "1/2-1/2"]
[WhiteElo "1672"]
[BlackElo "1967"]
[PlyCount "143"]
[EventDate "2022.07.01"]
[EventType "swiss"]
[EventRounds "9"]
[EventCountry "CZE"]
[SourceTitle "EXT 2023"]
[Source "ChessBase"]
[SourceDate "2022.10.05"]
[SourceVersion "1"]
[SourceVersionDate "2022.10.05"]
[SourceQuality "1"]

1. e4 c5 2. Nf3 a6 3. c3 d5 4. exd5 Qxd5 5. Be2 Nc6 6. 0-0 Nf6 7. d4 e6 8. dxc5 Qxd1 9. Bxd1 Bxc5 10. Bc2 h6 11. Nbd2 b5 12. Ne4 Nxe4 13. Bxe4 Bb7 14. Re1 Rd8 15. Be3 Bxe3 16. Rxe3 Ba8 17. Rd3 Rxd3 18. Bxd3 Ke7 19. Be2 Rd8 20. Rd1 Rxd1+ 21. Bxd1 a5 22. Kf1 b4 23. Ke2 bxc3 24. bxc3 Kd6 25. Kd3 Bb7 26. Bb3 f6 27. g3 e5 28. Nd2 f5 29. Nc4+ Kc5 30. Ne3 Ba6+ 31. Kd2 Bc8 32. Ba4 Ne7 33. Bb3 Bd7 34. Bc2 f4 35. gxf4 exf4 36. Ng2 g5 37. Ne1 Bb5 38. Bd3 Bc6 39. Bc2 Ng8 40. Bf5 Nf6 41. Nd3+ Kd6 42. Nb2 Be4 43. Bxe4 Nxe4+ 44. Ke1 Nxc3 45. Nc4+ Kd5 46. Nxa5 Nxa2 47. Nb3 Nc3 48. Nd2 Ke5 49. Kf1 Kf5 50. Kg2 h5 51. h3 Nd5 52. Nf3 Nf6 53. Ng1 Nd7 54. Nf3 Nc5 55. Nd2 Ne6 56. Nf3 g4 57. hxg4+ hxg4 58. Nd2 Nd4 59. Kf1 Ne6 60. Kg2 Nc5 61. Kg1 Nd3 62. Kg2 Ne1+ 63. Kf1 Nc2 64. Kg2 Nd4 65. Kg1 f3 66. Nf1 Ne2+ 67. Kh2 Ke4 68. Kh1 Kd3 69. Nh2 g3 70. fxg3 Nxg3+ 71. Kg1 Ke2 72. Nxf3 1/2-1/2

[Event "Ceske Budejovice op-B"]
[Site "Ceske Budejovice"]
[Date "2022.07.04"]
[Round "4"]
[White "Smola, Jan1"]
[Black "Pavlicek, Adam"]
[Result "0-1"]
[WhiteElo "1388"]
[BlackElo "1672"]
[PlyCount "82"]
[EventDate "2022.07.01"]
[EventType "swiss"]
[EventRounds "9"]
[EventCountry "CZE"]
[SourceTitle "EXT 2023"]
[Source "ChessBase"]
[SourceDate "2022.10.05"]
[SourceVersion "1"]
[SourceVersionDate "2022.10.05"]
[SourceQuality "1"]

1. e4 e6 2. d4 d5 3. exd5 exd5 4. Nc3 Nf6 5. Bg5 Be7 6. Nf3 Bg4 7. Be2 h6 8. Bf4 c6 9. Qd2 Nbd7 10. h3 Be6 11. 0-0 Bb4 12. a3 Ba5 13. b4 Bc7 14. Rfe1 Qb8 15. Bxc7 Qxc7 16. Bd3 0-0 17. Re3 Nh5 18. Rae1 Nf4 19. Ne2 Nxd3 20. Qxd3 b5 21. Ne5 Nxe5 22. Rxe5 a5 23. c3 axb4 24. cxb4 Ra6 25. Nf4 Bd7 26. Rc1 Qd6 27. Qe3 Raa8 28. Qc3 f6 29. Ng6 fxe5 30. Nxf8 exd4 31. Qxd4 Rxf8 32. Rc3 Qf4 33. Qa7 Be8 34. Rf3 Qc1+ 35. Kh2 Rxf3 36. gxf3 Qf4+ 37. Kg2 d4 38. Qe7 Qg5+ 39. Qxg5 hxg5 40. Kf1 Bg6 41. Ke1 Kf7 0-1

[Event "Ceske Budejovice op"]
[Site "Ceske Budejovice"]
[Date "2019.07.06"]
[Round "8"]
[White "Malinovsky, Petr"]
[Black "Pavlicek, Adam"]
[Result "1-0"]
[WhiteElo "2058"]
[BlackElo "1651"]
[PlyCount "49"]
[EventDate "2019.06.29"]
[EventType "swiss"]
[EventRounds "9"]
[EventCountry "CZE"]
[SourceTitle "CBM 191 Extra"]
[Source "ChessBase"]
[SourceDate "2019.09.30"]
[SourceVersion "1"]
[SourceVersionDate "2019.09.30"]
[SourceQuality "1"]

1. d4 d5 2. c4 e6 3. Nc3 Nf6 4. cxd5 exd5 5. Bg5 Be7 6. e3 Bf5 7. Bxf6 Bxf6 8. Qb3 Bc8 9. Qxd5 Qxd5 10. Nxd5 Bd8 11. Nf3 0-0 12. Bd3 c6 13. Nc3 Nd7 14. 0-0 Nb6 15. a3 Be7 16. b4 Rd8 17. Rfc1 Be6 18. b5 c5 19. Be4 Rab8 20. a4 f5 21. Bb1 cxd4 22. Nxd4 Bf6 23. Nxe6 Bxc3 24. Nxd8 Bxa1 25. Ba2+ 1-0

[Event "Ceske Budejovice op"]
[Site "Ceske Budejovice"]
[Date "2019.06.29"]
[Round "1"]
[White "Nagy, Ladislav1"]
[Black "Pavlicek, Adam"]
[Result "1-0"]
[WhiteElo "2061"]
[BlackElo "1651"]
[PlyCount "59"]
[EventDate "2019.06.29"]
[EventType "swiss"]
[EventRounds "9"]
[EventCountry "CZE"]
[SourceTitle "CBM 191 Extra"]
[Source "ChessBase"]
[SourceDate "2019.09.30"]
[SourceVersion "1"]
[SourceVersionDate "2019.09.30"]
[SourceQuality "1"]

1. e4 c5 2. Nc3 g6 3. g3 Bg7 4. Bg2 d6 5. d3 Nc6 6. f4 e6 7. Nf3 Nge7 8. 0-0 Rb8 9. Be3 0-0 10. Qd2 b5 11. a3 a5 12. Rab1 Qc7 13. g4 b4 14. axb4 cxb4 15. Na4 Bd7 16. b3 Na7 17. Nh4 Nb5 18. f5 exf5 19. exf5 gxf5 20. Nxf5 Nxf5 21. gxf5 Bc3 22. Nxc3 Qxc3 23. Qf2 f6 24. Bh6 Rf7 25. Bd5 Qd4 26. Qxd4 Nxd4 27. Rf2 Bxf5 28. Re1 Bg6 29. Rxf6 Nxc2 30. Re7 1-0